les fleuves connus, mort subite - Statistiques

Statistiques générales
  • Ce quiz a été pris 88 fois
    8 depuis la dernière actualisation
  • Le résultat moyen est 5 sur 13
Answers on the Grid
Answers color-coded by a green-red scale on the quiz's grid according to % correct below.
Niger
Niger River
Volga
Tamise
Nil
Gange
Seine
Amazone
Mississippi
Jordan
Indus Valley
lac tana
flow
nigeria
Andalousie
Himalaya
Brahmapoutre
Tigre et Euphrate
Danube
Amazon Prime
Loire Valley
Scène maritime
Loire
Berne
Lannion
Gatineau
Fraser
 
Statistiques - réponses
Réponse % Correct
Tamise
75%
Amazone
50%
Danube
50%
Loire
50%
Nil
50%
Seine
50%
Tigre et Euphrate
50%
Brahmapoutre
25%
Gange
25%
Mississippi
25%
Fraser
0%
Niger
0%
Volga
0%
Aucun quiz correspondant
Distribution des résultats
% des personnes avec chaque résultat
Percentile par nombre de réponses
Votre historique - résultats
Vous n’avez pas pris ce quiz depuis la dernière actualisation